New Zealand All Blacks Rugby - Most Bledisloe Wins - Statistics

General Stats
  • This quiz has been taken 147 times
    54 since last reset
  • The average score is 13 of 16
Answer Stats
Wins Player % Correct
29 Richard McCaw
100%
20 Daniel Carter
97%
22 Sam Whitelock
97%
17 Aaron Smith
95%
17 Conrad Smith
95%
19 Ma'a Nonu
92%
15 Ben Smith
89%
26 Keven Mealamu
87%
27 Kieran Read
87%
22 Tony Woodcock
79%
22 Owen Franks
71%
19 Mils Muliaina
66%
15 Jerome Kaino
63%
15 Andrew Hore
61%
16 Sean Fitzpatrick
55%
15 Piri Weepu
42%
No matching quizzes found
Score Distribution
Percent of People with Each Score
Percentile by Number Answered
Your Score History
You have not taken this quiz since the last reset